Connais tu bien fast and furious - Statistiques

Statistiques générales
  • Ce quiz a été pris 472 fois
  • Le résultat moyen est 6 sur 15
Statistiques - réponses
Question Réponse % Correct
Comment s'appelle le fils de dom ? Brian
82%
Quel la voiture mythique de Brian O'Connor ? Nissan GT-R 34
70%
Qui est l'acteur de dom ? Vin diesel
67%
Dans quel film Brian et dom tire un coffre fort avec 2 voitures ? Fast and furious 6
57%
Dans quel film dom doit trahir son équipe ? Fast and furious 8
57%
Comment s'appelle la sœur de dom ? Mia
55%
Comment s'appelle la femme de dom ? Letty
50%
Comment s'appelle le personnage principal ? Dom torreto
39%
Comment s'appelle l'objet qui permet de retrouver n'importe qui dans le monde est de voire toutes les caméras? L'oeil de dieu
34%
Dans quel pays se déroule la première scène de fast and furious 8 ? Cuba
30%
Comment s'appelle le frère de dom ? Jacob
20%
Avec qui Brian forme un duo dans fast and furious 2 ? Roman Pearce
14%
Quel duo a son film indépendant ? Hobbs et show
6%
Quel le surnom de la Mazda rx-7 bleu de han dans fast and furious Tokyo drift ? La Mona Lisa du drift
3%
Quel est la voiture de Brian de fast and furious 1? Toyota supra mkIV
1%
Aucun quiz correspondant
Distribution des résultats
% des personnes avec chaque résultat
Percentile par nombre de réponses
Votre historique - résultats
Vous n’avez pas pris ce quiz